Maat ilman kirjaimia USA - Statistics

Yleistilastot
  • Tätä visaa on pelattu 236 kertaa
  • Keskiarvotulos 6 / 15
Vastaustilastot
maanosa vastaus % Oikein
Etelä-Amerikka Chile
72%
Eurooppa Viro
68%
Eurooppa Venäjä
61%
Oceania Fidži
54%
Afrikka Togo
51%
Afrikka Egypti
46%
Aasia Jemen
46%
Pohjois-Amerikka Belize
45%
Afrikka Benin
43%
Aasia Filippiinit
37%
Eurooppa Montenegro
24%
Afrikka Niger
24%
Aasia Itä-Timor
23%
Afrikka Komorit
19%
Afrikka Kongo
17%
Ehtoja vastaavia visoja ei löytynyt
Tulosjakauma
Jokaisen tuloksen saaneiden osuus
Persentiili vastausten määrän mukaan
Tuloshistoriasi
Et ole pelannut tätä visaa